MDQL
is popping MORE tags! Check the
thread
!
Quizzes
Events
Quiz Creation
Community
Videos
Private Events
Remove Ads
Sign In
Join for FREE
Feedback
Dark Mode
Quiz Categories
Sports
Geography
Music
Movies
Television
Just For Fun
Miscellaneous
History
Literature
Language
Science
Gaming
Entertainment
Religion
Holiday
For Kids
Quiz Lab
Recent
Popular Today
Quiz Kudos Today
Editor Picks
Curator Picks
Quizzes by...
Day
Popularity
Type
Ratings
Length
Year
Community
Subscriptions
Recent Discussions
Orange Saloon
Badges
Playlists
Quests
Create
Leaderboards
Showdown
Live 5
Trivia Bingo
Activity
Puzzle Library
Sporcle Events
Private Events
Virtual Trivia
Globe League
Become a Host
Pub Owners
SporcleCon
Opinionation
Our Games
Videos
Blog
Mobile Apps
Partnerships
Remove Ads and Go Orange
Feedback
Music
Pop Music
The Beatles
Song
Album
Lyrics
Bands
Singers
Artist
Clip
Rock
Rap
Classical
Billboard
Country Music
Kpop
Taylor Swift
Music
Pop Music
The Beatles
Song
Album
Lyrics
Bands
Singers
Artist
Clip
Rock
Rap
Classical
Billboard
Country Music
Kpop
Taylor Swift
Random Quiz
Search Sporcle
×
Quiz Lab
Quiz Lab
Music
Lyrics
Type in answers that appear in a list
Type in answers that appear in a list
Classic
Best Score? Go Orange.
Guess the Heavy Metal Lyrics Stats
Can you name the lyrics in this heavy metal song?
By
fatandy1042
11m
181 Questions
1,127 Plays
1,127 Plays
1,127 Plays
Comments
Comments
Give Quiz Kudos
Give Quiz Kudos
-
- Ratings
hide this ad
Replay
Link that replays current quiz
Next Quiz
Link to next quiz in quiz playlist
You Got
0%
They Got
Avg Score
44%
Avg Friend Score
Upgrade to see
Score Distribution
Jump to the score distribution portion of the page
Score
0/181
Timer
11:00
0
Plays Today
% Correct
and
96.4%
a
96.4%
A
96.4%
the
96.4%
the
96.4%
A
96.4%
the
96.4%
I
94.4%
I
94.3%
I
94.3%
you
83.6%
you
83.6%
You
83.6%
you,
83.6%
You
83.6%
you
83.6%
you
83.6%
you
83.6%
You
83.6%
you
83.6%
You
83.6%
me
71.3%
me
71.3%
me
71.3%
me
71.3%
me
71.3%
to
65.3%
to
65.3%
to
65.3%
to
65.3%
to
65.3%
Can
64.9%
do
62.1%
do
62.1%
be
62%
Be
62%
be
62%
Be
62%
in
60.7%
in
60.7%
in
60.7%
on
59.4%
Is
58.6%
Is
58.6%
no
58.4%
no
58.4%
No
58.4%
see
57.3%
what
56.6%
What
56.6%
What
56.6%
What
56.6%
it
55.6%
it
55.6%
Are
55.4%
Are
55.4%
of
54.7%
of
54.7%
my
53.4%
your
53.3%
your
53.3%
% Correct
your
53.3%
Can't
52.7%
can't
52.7%
can't
52.7%
am,
51.9%
am,
51.9%
when
48.4%
there
47%
there
47%
I'm
46.8%
I'm
46.8%
that
46%
not
45.9%
not
45.9%
not
45.9%
from
44.7%
from
44.7%
from
44.7%
from
44.7%
from
44.7%
where
44.5%
where
44.5%
One
42.8%
who
42.8%
who
42.8%
life,
42.2%
life,
42.2%
you're
39.7%
you're
39.7%
at
39.3%
out
39%
time
38.7%
time
38.7%
say
38.4%
by
37.5%
by
37.5%
by
37.5%
hear
37%
like
34.8%
get
34.6%
I've
34.4%
I've
34.4%
I've
34.4%
want
33.2%
did
33%
got
32.6%
(Chorus)
32.6%
(Chorus)
32.6%
(Chorus)
32.6%
(Chorus)
32.6%
Walk
32.4%
Walk
32.4%
Walk
32.4%
more
32%
way
32%
it's
31.6%
away
31.6%
away
31.6%
been,
31.4%
been,
31.4%
under
30.9%
% Correct
something
30%
something
30%
yourself
28.1%
yourself,
28.1%
yourself,
28.1%
yourself,
28.1%
yourself,
28.1%
friend
27.9%
call
27.7%
Re Spect
27.7%
Re Spect
27.7%
talkin'
27.3%
talkin'
27.3%
stay
27%
stay
27%
easily
26.6%
skin
26.6%
tell
26.6%
Run
26.2%
step
26%
every
25.5%
home
24.5%
takes,
24.4%
takes,
24.4%
bothered
24.4%
dawn
24%
dawn
24%
lesson
23.6%
learned
23.6%
lesson
23.6%
learned
23.6%
boy
23.5%
around,
23.4%
lashing
23.3%
friends
23.1%
friends
23.1%
friends
23.1%
persistence
22.9%
anymore
22.5%
anymore
22.5%
known
21.7%
known
21.7%
Those
21.3%
song
21.1%
standard
20.1%
standard
20.1%
mouth
20%
word
19.8%
cry
19.5%
playing
19.2%
easy
18.9%
belong
18.2%
violins
18.2%
belong
18.2%
punk
17.6%
achieve
16.8%
same
15.2%
sympathize
13.5%
weak
12.9%
Quiz Playlist
Details
Report
Send in Message
Add To Playlist
Classic:
Type in answers that appear in a list
Quiz Source
Last Updated: Feb 16, 2017
Quiz Scoreboard
CHALLENGE
Sign Up to Join the Scoreboard
Show All
Scores
Hide
Comments
May contain spoilers
Recently Published
Find the 'City' Movie
by crazypaving
Movies
60s
5x2 Blitz: Bands
by SL_Kpop136
Music
30s
Colored Red Africa Blitz
by spor1
Geography
30s
More to Explore
Quiz From the Vault
Featured Blog Post
14 Easter Pick-up Lines to Find Eggs With
hide this ad
You Might Also Like...
Tags
Lyrics Quiz
Heavy Metal
metal
Today's Top Quizzes in Music
Browse Music
hide this ad
Today's Top Quizzes in Lyrics
Browse Lyrics
Top Contributed Quizzes in Music
1
5X2 Blitz: Bands II
2
5X2 Blitz: The Beatles
3
Taylor Swift All Songs (2024)
4
5X2 Blitz: Billboard
5
Taylor Swift Logic Puzzle II
6
5X2 Blitz: Billboard II
7
5X2 Blitz: Singers
8
5X2 Blitz: Album
9
5X2 Blitz: Rock
10
5X2 Blitz: Lyrics
Explore More
Trending Topics
Crossword
Kpop
NBA
Harry Potter
Marvel
Disney
Anime
Soccer
NFL
Country
Pokémon
Song
Puzzle
WWE
The Office
hide this ad
More By:
fatandy1042
Quiz
Plays
Rating
Category
Featured
Created
Guess the Heavy Metal Lyrics (10/2/10)
2,071
3.85
Music
Oct 2, 2010
Guess the Heavy Metal Lyrics
1,127
3.80
Music
Aug 2, 2010
Guess the Lyrics to this Grunge song
896
3.71
Music
Nov 12, 2010
Guess the Classic Rock Lyrics
882
4.33
Music
Jul 29, 2010
Guess the Classic Rock Lyrics (1/24/11)
573
4.50
Music
Jan 24, 2011
Go to Creator's Profile
Score Distribution
Quiz Creator Spotlight
fatandy1042
Follow
Send a Message
Quizzes Created
-
Created Quiz Play Count
-
More By This Creator
Popular Quizzes Today
1
Colored Red Africa Blitz
2
Find the 'City' Movie
3
Find the US States - No Outlines Minefield
4
5x2 Blitz: Bands
5
The Countries of the World
6
Find the US States
7
Find the Countries of Europe - No Outlines Minefield
8
US States
More Music Quizzes
Artists on Billboard Year-End Hot 25 singles of 2005
Quiz Lab
Trending Quizzes
Colored Red Europe Blitz I
Colored Red Africa Blitz II
Colored Red Europe Blitz II
Colored Red Europe Blitz III
Colored Red Africa Blitz III
Recently Updated
How Do You Spell That?
pecheneg
Godzilla Movies
pecheneg
Grab Bag: 4-10 Letters
pecheneg
2024 March Madness Bracket
pecheneg
Famous TV Couples
Peacemaker
Champions League XIs: Real Madrid
pecheneg
Largest US Cities 1790-2010
pecheneg
Rides in Walt Disney World
pecheneg
Most Oscar Losses (Acting)
pecheneg
Beyoncé Albums
pecheneg
Trending Topics
Crossword
Marvel
Kpop
Harry Potter
Disney
Anime
NBA
Song
NFL
Country
WWE
Puzzle
Soccer
Pokémon
The Office
Your Account Isn't Verified!
In order to create a playlist on Sporcle, you need to verify the email address you used during registration. Go to your
Sporcle Settings
to finish the process.
Report this User
Report this user for behavior that violates our
Community Guidelines
.
Details:
Send Report
Go to the Sporcle.com Mobile Site →
Comments